000 00629nam a22002057a 4500
003 0
005 20260117142857.0
008 260117b xxu||||| |||| 00| 0 eng d
020 _a978-0-307-03071-9
050 _aER
_bTal143 1993
082 _aER
_bTal143 1993
100 _aPotter, Beatrix
245 _aThe Tale of Peter rabbit
_cBeatrix Potter
260 _aNew York, NY :
_bGolden Books,
_c1993.
300 _a24 pages :
_bcolored illustrations ;
_c21 cm.
650 _aRabbits
_vFiction.
650 _aPeter Rabbit (Fictitious character)
_vJuvenile fiction.
700 _aSzekeres, Cyndy,
_eillustrator.
942 _2ddc
_cBK
999 _c368738
_d368738